[Event "GER-ch Seniors"]
[Site "Dresden"]
[Date "2012.08.14"]
[Round "6"]
[White "Schwertel, Johann"]
[Black "Schober, Manfred"]
[Result "0-1"]
[WhiteElo "2013"]
[BlackElo "1917"]
[PlyCount "64"]
[EventDate "2012.08.09"]
[EventType "swiss"]
[EventRounds "9"]
[EventCountry "GER"]
[SourceTitle "EXT 2014"]
[Source "ChessBase"]
[SourceDate "2013.11.20"]
[SourceVersion "1"]
[SourceVersionDate "2013.11.20"]
[SourceQuality "1"]

1. d4 f5 2. g3 Nf6 3. Bg2 g6 4. Nf3 Bg7 5. c3 e6 6. 0-0 0-0 7. Qb3 Nc6 8. Nbd2 b6 9. Re1 Bb7 10. Nc4 Qc8 11. a4 Ne7 12. a5 Bd5 13. Qa4 d6 14. Ne3 Bc6 15. Qa3 Qd7 16. Qb3 Ne4 17. Nd2 Nxd2 18. Bxd2 Bxg2 19. Nxg2 Kh8 20. e4 fxe4 21. Rxe4 e5 22. dxe5 Bxe5 23. Bh6 Bg7 24. Bg5 Qf5 25. f4 Qxe4 26. Re1 Qd5 27. c4 Qc5+ 28. Kh1 Nc6 29. axb6 axb6 30. Qc2 Nd4 31. Qd3 Qf5 32. Qf1 Rad8 0-1

[Event "GER-ch Seniors 23rd"]
[Site "Halle"]
[Date "2011.08.07"]
[Round "3"]
[White "Dietze, Otto"]
[Black "Schober, Manfred"]
[Result "0-1"]
[WhiteElo "1803"]
[BlackElo "1927"]
[PlyCount "50"]
[EventDate "2011.08.05"]
[EventType "swiss"]
[EventRounds "9"]
[EventCountry "GER"]
[SourceTitle "CBM 144 Extra"]
[Source "ChessBase"]
[SourceDate "2011.10.28"]
[SourceVersion "1"]
[SourceVersionDate "2011.10.28"]
[SourceQuality "1"]

1. g4 d5 2. Bg2 e5 3. c4 c6 4. cxd5 cxd5 5. Qb3 Be6 6. Na3 Bxa3 7. bxa3 Qd7 8. Rb1 b6 9. Nh3 Nc6 10. Ng5 Na5 11. Qg3 Nf6 12. Qxe5 Nc4 13. Qd4 Bxg4 14. Nf3 0-0 15. 0-0 Rfe8 16. d3 Nd6 17. Ne5 Rxe5 18. Qxe5 Re8 19. Qb2 Rxe2 20. Qb3 Nf5 21. Bg5 Nd4 22. Qc3 Nf3+ 23. Kh1 Qd6 24. Bxf3 Bxf3+ 25. Kg1 Qd7 0-1

[Event "Apolda op 16th"]
[Site "Apolda"]
[Date "2007.08.24"]
[Round "2"]
[White "Schober, Manfred"]
[Black "Hoffmann, Hendrik"]
[Result "0-1"]
[WhiteElo "2032"]
[BlackElo "2272"]
[PlyCount "58"]
[EventDate "2007.08.23"]
[EventType "swiss"]
[EventRounds "7"]
[EventCountry "GER"]
[SourceTitle "CBM 120 Extra"]
[Source "ChessBase"]
[SourceDate "2007.11.01"]
[SourceVersion "1"]
[SourceVersionDate "2007.11.01"]
[SourceQuality "1"]

1. e4 c5 2. Nf3 d6 3. c3 Nf6 4. Be2 Nbd7 5. d3 e6 6. Bg5 Be7 7. Nbd2 b6 8. Qc2 Bb7 9. 0-0-0 0-0 10. d4 cxd4 11. Nxd4 Rc8 12. f4 a6 13. Bf3 b5 14. e5 Nd5 15. Bxe7 Qxe7 16. Ne4 dxe5 17. Ng5 g6 18. Nf5 gxf5 19. Bxd5 Bxd5 20. Rxd5 exd5 21. Qxf5 f6 22. Ne6 b4 23. Nxf8 Rxf8 24. Rd1 bxc3 25. Rxd5 Nb6 26. Rd3 cxb2+ 27. Kxb2 e4 28. Rc3 e3 29. Qc2 e2 0-1

[Event "Jena Schwarzer Baer op"]
[Site "Jena"]
[Date "2007.02.04"]
[Round "3"]
[White "Schober, Manfred"]
[Black "Foerster, Soeren"]
[Result "0-1"]
[WhiteElo "2048"]
[BlackElo "1867"]
[PlyCount "58"]
[EventDate "2007.02.03"]
[EventType "swiss"]
[EventRounds "7"]
[EventCountry "GER"]
[SourceTitle "EXT 2008"]
[Source "ChessBase"]
[SourceDate "2007.11.25"]
[SourceVersion "1"]
[SourceVersionDate "2007.11.25"]
[SourceQuality "1"]

1. d4 d5 2. Nf3 e6 3. c4 Be7 4. Nc3 f5 5. Bf4 c6 6. e3 Nf6 7. Bd3 Ne4 8. Ne5 g6 9. Rc1 Nd7 10. 0-0 0-0 11. f3 Nd6 12. cxd5 exd5 13. Bh6 Re8 14. e4 Nxe5 15. dxe5 Nf7 16. Bf4 g5 17. Bg3 f4 18. exd5 fxg3 19. Qc2 cxd5 20. Bxh7+ Kh8 21. hxg3 Qb6+ 22. Rf2 Bc5 23. Nxd5 Bxf2+ 24. Kf1 Qb5+ 25. Kxf2 Qxd5 26. Rh1 Qxe5 27. Bg6+ Kg8 28. Bxf7+ Kxf7 29. Qb3+ Kg7 0-1

[Event "Wch Seniors 14th"]
[Site "Halle"]
[Date "2004.11.03"]
[Round "9"]
[White "Schober, Manfred"]
[Black "Bierwisch, Bernhard"]
[Result "0-1"]
[WhiteElo "2067"]
[BlackElo "2201"]
[PlyCount "98"]
[EventDate "2004.10.24"]
[EventType "swiss"]
[EventRounds "11"]
[EventCountry "GER"]
[SourceTitle "EXT 2005"]
[Source "ChessBase"]
[SourceDate "2004.11.15"]
[SourceVersion "1"]
[SourceVersionDate "2004.11.15"]
[SourceQuality "1"]

1. d4 Nf6 2. c4 d6 3. Nc3 e5 4. dxe5 dxe5 5. Qxd8+ Kxd8 6. Nf3 Nfd7 7. g3 c6 8. Bg2 Na6 9. 0-0 Kc7 10. Ng5 f6 11. Ne6+ Kb8 12. Nxf8 Rxf8 13. a3 Nac5 14. Be3 Nb3 15. Rad1 Nb6 16. Be4 Nxc4 17. Bc1 f5 18. Bd3 Be6 19. Bxc4 Bxc4 20. Rd7 Bf7 21. Rfd1 Nxc1 22. Rxc1 a5 23. e4 fxe4 24. Nxe4 Bd5 25. Nc5 Rf7 26. Rxf7 Bxf7 27. Re1 b6 28. Nd7+ Kc7 29. Nxe5 Bd5 30. f4 b5 31. Kf2 Kd6 32. Ke3 b4 33. axb4 axb4 34. Kd3 Ra2 35. Re2 Ra1 36. Nc4+ Kc5 37. Ne3 Bb3 38. Rd2 Ra7 39. Ke2 g6 40. Kf3 Bd5+ 41. Kg4 Re7 42. Nxd5 cxd5 43. f5 gxf5+ 44. Kxf5 d4 45. g4 Kc4 46. Kf4 d3 47. Kf3 Kd4 48. h4 Rf7+ 49. Kg3 Ke3 0-1

[Event "Wch Seniors 14th"]
[Site "Halle"]
[Date "2004.10.27"]
[Round "4"]
[White "Schober, Manfred"]
[Black "Ruckwied, Walter"]
[Result "1-0"]
[WhiteElo "2067"]
[BlackElo "1651"]
[PlyCount "51"]
[EventDate "2004.10.24"]
[EventType "swiss"]
[EventRounds "11"]
[EventCountry "GER"]
[SourceTitle "EXT 2005"]
[Source "ChessBase"]
[SourceDate "2004.11.15"]
[SourceVersion "1"]
[SourceVersionDate "2004.11.15"]
[SourceQuality "1"]

1. d4 Nf6 2. Nf3 e6 3. c4 b6 4. g3 d5 5. Bg2 c6 6. 0-0 Nbd7 7. Nc3 Be7 8. Qa4 Bb7 9. cxd5 Nxd5 10. e4 Nxc3 11. bxc3 b5 12. Qb3 a6 13. Ba3 Nb6 14. Bxe7 Qxe7 15. Nd2 0-0 16. c4 Rab8 17. c5 Nd7 18. e5 Rfd8 19. Ne4 a5 20. Nd6 Ba8 21. f4 Nf8 22. f5 exf5 23. Rxf5 Qe6 24. Qf3 Rd7 25. Rf1 Rbb7 26. d5 1-0

[Event "Wch Seniors 14th"]
[Site "Halle"]
[Date "2004.10.26"]
[Round "3"]
[White "Seredenko, Vladimir Semenovich"]
[Black "Schober, Manfred"]
[Result "1-0"]
[WhiteElo "2312"]
[BlackElo "2067"]
[PlyCount "63"]
[EventDate "2004.10.24"]
[EventType "swiss"]
[EventRounds "11"]
[EventCountry "GER"]
[SourceTitle "EXT 2005"]
[Source "ChessBase"]
[SourceDate "2004.11.15"]
[SourceVersion "1"]
[SourceVersionDate "2004.11.15"]
[SourceQuality "1"]

1. d4 d5 2. Bf4 Nf6 3. e3 c5 4. c3 Nc6 5. Nd2 a6 6. Bd3 g6 7. Ngf3 cxd4 8. exd4 Bg7 9. h3 0-0 10. 0-0 b6 11. Re1 Bb7 12. Ne5 Nh5 13. Bh2 Rc8 14. Qe2 Nxe5 15. Bxe5 Bxe5 16. Qxe5 e6 17. g3 Rc6 18. Qe2 Qc8 19. Nf3 f6 20. Nh4 Ng7 21. Qg4 g5 22. Ng2 h5 23. Qe2 e5 24. dxe5 Re6 25. Qd2 fxe5 26. Qxg5 e4 27. Bf1 Ref6 28. Nf4 Rf5 29. Qh4 Qc7 30. Rad1 R8f6 31. Rxd5 Rxf4 32. gxf4 1-0

[Event "Wch Seniors 13th"]
[Site "Bad Zwischenahn"]
[Date "2003.??.??"]
[Round "?"]
[White "Schober, Manfred"]
[Black "Barlo, Werner"]
[Result "1-0"]
[WhiteElo "1835"]
[BlackElo "1735"]
[PlyCount "71"]
[EventDate "2003.11.16"]
[EventType "swiss"]
[EventRounds "11"]
[EventCountry "GER"]
[SourceTitle "CBM 097 Extra"]
[Source "ChessBase"]
[SourceDate "2004.01.13"]
[SourceVersion "1"]
[SourceVersionDate "2004.01.13"]
[SourceQuality "1"]

1. d4 Nf6 2. Nf3 e6 3. g3 d5 4. c4 Bb4+ 5. Bd2 Bxd2+ 6. Nbxd2 0-0 7. Bg2 Nbd7 8. 0-0 c5 9. Rc1 cxd4 10. Nxd4 Qb6 11. N2b3 dxc4 12. Rxc4 Ne5 13. Rc5 Ng6 14. Qc2 Rd8 15. Rc1 Bd7 16. Na5 Nd5 17. e4 Nde7 18. Qc3 Rab8 19. b4 Rbc8 20. Ndb3 a6 21. Nc4 Rxc5 22. Nxc5 Qc7 23. Nxd7 Rxd7 24. Qe3 Qd8 25. Bf3 Rd3 26. Qe2 Nc6 27. e5 Nxb4 28. Bxb7 Qc7 29. Bxa6 Rd5 30. Bb7 Qxb7 31. Nd6 Qa7 32. Rc8+ Nf8 33. Qc4 Na6 34. Rxf8+ Kxf8 35. Qc8+ Ke7 36. Qe8# 1-0

[Event "Wch Seniors 13th"]
[Site "Bad Zwischenahn"]
[Date "2003.??.??"]
[Round "?"]
[White "Schober, Manfred"]
[Black "Roth, Reinhard"]
[Result "1-0"]
[WhiteElo "1835"]
[BlackElo "1825"]
[PlyCount "91"]
[EventDate "2003.11.16"]
[EventType "swiss"]
[EventRounds "11"]
[EventCountry "GER"]
[SourceTitle "CBM 097 Extra"]
[Source "ChessBase"]
[SourceDate "2004.01.13"]
[SourceVersion "1"]
[SourceVersionDate "2004.01.13"]
[SourceQuality "1"]

1. d4 Nf6 2. Nf3 e6 3. c4 c6 4. Nc3 Bd6 5. e4 Bc7 6. e5 Ng8 7. Bd3 h6 8. 0-0 d6 9. Bf4 d5 10. Rc1 Ne7 11. b3 Nd7 12. Re1 a6 13. Bg3 0-0 14. Qc2 Ba5 15. Re3 Bxc3 16. Qxc3 c5 17. Rd1 Rb8 18. Bh4 dxc4 19. bxc4 Qe8 20. Bxe7 Qxe7 21. d5 b5 22. Bc2 bxc4 23. d6 Qd8 24. Qxc4 Rb4 25. Qd3 g6 26. a3 Rb6 27. Nd2 Kh7 28. Nc4 Rb8 29. Rg3 Rg8 30. Rf3 Qf8 31. h4 Bb7 32. Rg3 h5 33. Ba4 Bc8 34. Rg5 Qh6 35. Qf3 Qg7 36. Rxh5+ gxh5 37. Bc2+ Qg6 38. Qxf7+ Kh6 39. Bxg6 Rxg6 40. g3 a5 41. Nxa5 Rb2 42. Nc4 Rc2 43. Ne3 Rc3 44. Qe8 Kh7 45. Qxc8 Nxe5 46. d7 1-0

[Event "Wch Seniors 13th"]
[Site "Bad Zwischenahn"]
[Date "2003.??.??"]
[Round "?"]
[White "Waisberg, Arnold"]
[Black "Schober, Manfred"]
[Result "0-1"]
[WhiteElo "2010"]
[BlackElo "1835"]
[PlyCount "88"]
[EventDate "2003.11.16"]
[EventType "swiss"]
[EventRounds "11"]
[EventCountry "GER"]
[SourceTitle "CBM 097 Extra"]
[Source "ChessBase"]
[SourceDate "2004.01.13"]
[SourceVersion "1"]
[SourceVersionDate "2004.01.13"]
[SourceQuality "1"]

1. e4 e5 2. Bc4 Nf6 3. d3 Nc6 4. Nc3 Bc5 5. a3 a6 6. b4 Bd4 7. Nge2 b5 8. Bb3 Bb6 9. 0-0 0-0 10. Bg5 h6 11. Bxf6 Qxf6 12. Nd5 Qg6 13. Nxb6 cxb6 14. c3 d6 15. Bd5 Bd7 16. Ng3 Rac8 17. Rc1 Ne7 18. Bb3 Rc7 19. f4 Be6 20. f5 Bxb3 21. Qxb3 Qg5 22. Rfd1 h5 23. Nf1 Rfc8 24. Rc2 d5 25. exd5 Nxf5 26. Rcc1 Nd4 27. Qb2 Rxc3 28. Rxc3 Rxc3 29. Qf2 Rc2 30. Nd2 Rxd2 31. Rxd2 Nf3+ 32. Qxf3 Qxd2 33. h3 Qc1+ 34. Kf2 Qxa3 35. Qxh5 Qb2+ 36. Qe2 Qd4+ 37. Qe3 Kf8 38. Qxd4 exd4 39. Kf3 Ke7 40. Ke4 Kd6 41. Kxd4 a5 42. h4 f5 43. h5 a4 44. g3 a3 0-1

[Event "Wch Seniors 12th"]
[Site "Naumburg"]
[Date "2002.10.29"]
[Round "7"]
[White "Schober, Manfred"]
[Black "Bergmann, Hans Dieter"]
[Result "1-0"]
[WhiteElo "2047"]
[BlackElo "1496"]
[PlyCount "49"]
[EventDate "2002.10.21"]
[EventType "swiss"]
[EventRounds "11"]
[EventCountry "GER"]
[SourceTitle "EXT 2006"]
[Source "ChessBase"]
[SourceDate "2005.11.24"]
[SourceVersion "1"]
[SourceVersionDate "2005.11.24"]
[SourceQuality "1"]

1. d4 Nf6 2. Nf3 d6 3. c4 g6 4. Nc3 Bg7 5. e4 0-0 6. Be2 e5 7. dxe5 dxe5 8. Qxd8 Rxd8 9. Nd5 Nxd5 10. cxd5 c6 11. Bc4 a6 12. Be3 b5 13. Bb3 Bb7 14. 0-0-0 a5 15. dxc6 Nxc6 16. Ng5 Nd4 17. Bxf7+ Kh8 18. Bxd4 exd4 19. f3 Bf6 20. h4 Rac8+ 21. Kb1 d3 22. Rc1 Bd4 23. Ne6 d2 24. Rxc8 Rxc8 25. Nxd4 1-0

[Event "Wch Seniors 10th"]
[Site "Rowy"]
[Date "2000.09.21"]
[Round "9"]
[White "Brameyer, Hermann"]
[Black "Schober, Manfred"]
[Result "1-0"]
[WhiteElo "2271"]
[BlackElo "2130"]
[PlyCount "74"]
[EventDate "2000.09.11"]
[EventType "swiss"]
[EventRounds "11"]
[EventCountry "POL"]
[SourceTitle "CBM 078 Extra"]
[Source "ChessBase"]
[SourceDate "2000.11.10"]
[SourceVersion "1"]
[SourceVersionDate "2000.11.10"]
[SourceQuality "1"]

1. d4 d5 2. c4 dxc4 3. e4 e5 4. Nf3 exd4 5. Bxc4 Bb4+ 6. Bd2 Bxd2+ 7. Nbxd2 Nc6 8. 0-0 Nf6 9. e5 Nd5 10. Nb3 0-0 11. Nbxd4 Bg4 12. Nxc6 bxc6 13. h3 Be6 14. Rc1 Qe7 15. Re1 Rfd8 16. Qe2 a5 17. Qe4 Rab8 18. b3 g6 19. Nd4 Qd7 20. Qh4 a4 21. Nxe6 fxe6 22. bxa4 Rb4 23. Re4 Rb2 24. Qg3 Rf8 25. Re2 Rb4 26. Bb3 Nf4 27. Ree1 Rd4 28. Qe3 c5 29. Rxc5 Rd3 30. Qe4 Qe7 31. Rc6 Qg5 32. Bxe6+ Kh8 33. Bg4 Rxh3 34. Bxh3 Nxh3+ 35. Kh2 Nxf2 36. Qb4 Ng4+ 37. Kg1 Qh6 1-0

[Event "Bad Zwesten op 4th"]
[Site "Bad Zwesten"]
[Date "2000.01.13"]
[Round "6"]
[White "Boehme, Erich"]
[Black "Schober, Manfred"]
[Result "1-0"]
[WhiteElo "1861"]
[BlackElo "2154"]
[PlyCount "73"]
[EventDate "2000.01.??"]
[EventType "swiss"]
[EventRounds "9"]
[EventCountry "GER"]
[SourceTitle "EXT 2001"]
[Source "ChessBase"]
[SourceDate "2000.11.22"]
[SourceVersion "1"]
[SourceVersionDate "2000.11.22"]
[SourceQuality "1"]

1. c4 Nf6 2. Nc3 d6 3. d4 g6 4. e4 Bg7 5. g3 0-0 6. Bg2 c5 7. d5 a6 8. a4 e6 9. Nge2 exd5 10. exd5 Nbd7 11. 0-0 Ne5 12. b3 Bf5 13. f3 Nd3 14. Bd2 Nb4 15. Ne4 Bxe4 16. fxe4 Ng4 17. Rb1 h5 18. h3 Ne5 19. Nf4 Qd7 20. Bxb4 cxb4 21. Qd2 a5 22. Ne2 Qc7 23. Rbd1 Kh7 24. Nf4 Rae8 25. Rde1 Nd7 26. Qd1 Re5 27. h4 Re7 28. Kh2 Rfe8 29. Nh3 Be5 30. Bf3 f6 31. Bxh5 gxh5 32. Qxh5+ Kg8 33. Qg6+ Rg7 34. Qxe8+ Nf8 35. Rf3 Rg4 36. Nf4 Qh7 37. Kh3 1-0

[Event "Bad Zwesten op 4th"]
[Site "Bad Zwesten"]
[Date "2000.01.05"]
[Round "7"]
[White "Schober, Manfred"]
[Black "Schulte, Stefan"]
[Result "0-1"]
[WhiteElo "2154"]
[BlackElo "1963"]
[PlyCount "84"]
[EventDate "2000.01.??"]
[EventType "swiss"]
[EventRounds "9"]
[EventCountry "GER"]
[SourceTitle "EXT 2001"]
[Source "ChessBase"]
[SourceDate "2000.11.22"]
[SourceVersion "1"]
[SourceVersionDate "2000.11.22"]
[SourceQuality "1"]

1. d4 Nf6 2. Nf3 c5 3. d5 e6 4. c4 exd5 5. cxd5 g6 6. Nc3 Bg7 7. e4 d6 8. Bf4 0-0 9. Qd2 Re8 10. Bd3 Nxe4 11. Nxe4 f5 12. Nfg5 fxe4 13. Nxe4 c4 14. Bc2 Bf5 15. f3 Bxb2 16. Rb1 c3 17. Qf2 Na6 18. 0-0 Bxe4 19. fxe4 Rf8 20. Qg3 Nb4 21. Bb3 Rxf4 22. Qxf4 Nd3 23. Qf7+ Kh8 24. Qf3 Ne5 25. Qe2 Rc8 26. Rf2 Qc7 27. Kh1 Ba3 28. Qf1 Kg8 29. h3 a6 30. Bd1 b5 31. Rc2 Rf8 32. Bf3 Qa5 33. Rb3 b4 34. Qe2 Ra8 35. Bg4 Qc5 36. Be6+ Kg7 37. g4 a5 38. g5 Qc4 39. Qf2 Qxe4+ 40. Kg1 Rf8 41. Qa7+ Kh8 42. Rf2 Qe1+ 0-1